| 000 | 00619nam a2200205Ia 4500 | ||
|---|---|---|---|
| 008 | 191130s2008##################000#0#eng## | ||
| 020 | _a9781841128092 | ||
| 022 | _a2008001333 | ||
| 040 |
_aACL _cACL |
||
| 082 | _a658.452 CAP | ||
| 100 | _aCaplin, James | ||
| 245 |
_aI hate presentations : [transform the way you present with a fresh and powerful approach] _cJames Caplin |
||
| 260 |
_aHoboken, NJ _bWiley _c2008 |
||
| 300 | _avii, 206 p. : ill. ; 22 cm | ||
| 500 | _aIncludes index | ||
| 650 | _aBusiness presentations | ||
| 990 | _aeab8b175ac10000c323f2e641639d8d3 | ||
| 991 | _a124739 | ||
| 999 |
_c210228 _d210228 |
||